[Event "4NCL Division Two"]
[Site "Warwick, ENG"]
[Date "2024.01.14"]
[EventDate "2024.01.14"]
[Round "4.21"]
[White "Nicholas, Koichi B"]
[WhiteElo "2156"]
[WhiteTeam "SchachAttack"]
[Black "Gallagher, Daniel GH"]
[BlackElo "2224"]
[BlackTeam "Cambridge University 1"]
[Result "1/2-1/2"]

1. e4 c5 2. Nf3 d6 3. d4 cxd4 4. Nxd4 Nf6 5. Nc3 g6 6. Be3 Nc6 7. f3 h5 8. Qd2
Nxd4 9. Bxd4 Bh6 10. Qf2 O-O 11. Bxa7 Qa5 12. Be3 Bxe3 13. Qxe3 d5 14. e5 d4
15. Qxd4 Rd8 16. Qe3 Nd5 17. Qd2 Nb4 18. Bd3 Qxe5+ 19. Qe2 Nxd3+ 20. cxd3 Qd4
21. Qf2 Qe5+ 22. Qe2 Qd4 23. Qf2 Qe5+ 1/2-1/2

[Event "4NCL Division Two"]
[Site "Warwick, ENG"]
[Date "2024.01.14"]
[EventDate "2024.01.14"]
[Round "4.22"]
[White "McClement, Andrew"]
[WhiteElo "2223"]
[WhiteTeam "Cambridge University 1"]
[Black "Hng, Mei-En Emmanuelle"]
[BlackTitle "WFM"]
[BlackElo "2146"]
[BlackTeam "SchachAttack"]
[Result "1-0"]

1. e4 Nf6 2. e5 Nd5 3. d4 d6 4. Nf3 g6 5. Bc4 Nb6 6. Bb3 Bg7 7. O-O O-O 8. h3
a5 9. a4 Nc6 10. Qe2 d5 11. Bf4 Bf5 12. c3 f6 13. Na3 Kh8 14. Bg3 Qd7 15. Nb5
fxe5 16. dxe5 Be6 17. Ng5 Nd8 18. Qe3 Rc8 19. Rad1 h6 20. Nxe6 Nxe6 21. c4 d4
22. Nxd4 Nxd4 23. Rxd4 Qc6 24. c5 Nd7 25. Bd5 Qxc5 26. Be6 Nxe5 27. Bxc8 Nf3+
28. gxf3 Qxd4 29. Qxd4 Bxd4 30. Bxb7 Rb8 31. Bd5 Rxb2 32. Re1 Rb4 33. Bc6 Bf6
34. Bxc7 Rc4 35. Re6 Bc3 36. Bb6 Kg7 37. Bb5 Rb4 38. Rxe7+ Kf6 39. Bd8 1-0

[Event "4NCL Division Two"]
[Site "Warwick, ENG"]
[Date "2024.01.14"]
[EventDate "2024.01.14"]
[Round "4.23"]
[White "Waller, Dan"]
[WhiteElo "2126"]
[WhiteTeam "SchachAttack"]
[Black "Hill, Alistair"]
[BlackElo "2136"]
[BlackTeam "Cambridge University 1"]
[Result "1/2-1/2"]

1. e4 e6 2. d4 d5 3. Nc3 Nf6 4. Bg5 dxe4 5. Nxe4 Nbd7 6. Nf3 h6 7. Nxf6+ Nxf6
8. Bh4 c5 9. dxc5 Bxc5 10. Bd3 O-O 11. O-O b6 12. Qe2 Bb7 13. Rad1 Qe7 14. Ne5
Bd4 15. c3 Bxe5 16. Qxe5 Rac8 17. Bc2 Rfd8 18. h3 Rc5 19. Qe2 Rcd5 1/2-1/2

[Event "4NCL Division Two"]
[Site "Warwick, ENG"]
[Date "2024.01.14"]
[EventDate "2024.01.14"]
[Round "4.24"]
[White "Stewart, Ashley"]
[WhiteElo "2046"]
[WhiteTeam "Cambridge University 1"]
[Black "McGowan, Cameron"]
[BlackTitle "IM"]
[BlackElo "2173"]
[BlackTeam "SchachAttack"]
[Result "0-1"]

1. c4 Nf6 2. g3 g6 3. Bg2 Bg7 4. Nc3 O-O 5. Nf3 d6 6. O-O e5 7. d4 Nbd7 8. e4
c6 9. Be3 Ng4 10. Bg5 f6 11. Bd2 f5 12. exf5 gxf5 13. Ne2 e4 14. Nh4 Nb6 15.
Qc2 Be6 16. b3 d5 17. f3 exf3 18. Nxf3 dxc4 19. Rae1 cxb3 20. axb3 Bd5 21. Nh4
Bxg2 22. Kxg2 Nd5 23. Nf4 Nxf4+ 24. Rxf4 Qd5+ 25. Rf3 Rae8 26. Qc4 Qxc4 27.
bxc4 Rxe1 28. Bxe1 Bxd4 29. h3 Ne3+ 30. Kh1 c5 31. Bf2 Nxc4 32. Bxd4 cxd4 33.
Nxf5 Ne5 34. Rf4 d3 35. Ne7+ Kg7 36. Rd4 Rf2 37. Kg1 Rf7 0-1

[Event "4NCL Division Two"]
[Site "Warwick, ENG"]
[Date "2024.01.14"]
[EventDate "2024.01.14"]
[Round "4.25"]
[White "Shepherd, Tom"]
[WhiteElo "2086"]
[WhiteTeam "SchachAttack"]
[Black "Starley, Robert"]
[BlackElo "2054"]
[BlackTeam "Cambridge University 1"]
[Result "0-1"]

1. d4 d5 2. c4 dxc4 3. Nf3 Nf6 4. e3 Bg4 5. Bxc4 e6 6. h3 Bh5 7. O-O a6 8. b3
Nc6 9. Bb2 Be7 10. Nbd2 O-O 11. Be2 Nd5 12. a3 Re8 13. Rc1 Qd7 14. Ne4 Rad8 15.
b4 f6 16. Nc5 Bxc5 17. Rxc5 Kh8 18. Qb3 Bf7 19. Qc2 Nce7 20. Qc1 c6 21. Rd1 Nb6
22. Qc2 Bg6 23. Qb3 Nf5 24. a4 Nd6 25. Ra1 Ne4 26. Rcc1 Rc8 27. Rd1 Qd5 28. Qa3
Nc4 29. Qa2 Ned6 30. Bxc4 Nxc4 31. Nd2 Nxd2 32. Rxd2 Qg5 33. Kh2 Be4 34. Rg1 b5
35. Qa3 Rcd8 36. f3 Bd5 37. a5 h5 38. Rf2 Kg8 39. Bc1 Qg6 40. e4 Bc4 41. Qe3
Qf7 42. Bb2 Qc7+ 43. f4 f5 44. e5 Bd5 45. g4 hxg4 46. hxg4 Kf7 47. Kg3 Rh8 48.
g5 Rh5 49. g6+ Kxg6 50. Rh2 Rxh2 51. Kxh2+ Kf7 52. Qh3 Rg8 53. Qh5+ Kf8 54. Rg3
Qe7 55. Bc3 Qf7 56. Qxf7+ Kxf7 57. Bd2 Bc4 58. Rh3 Bf1 59. Rh4 Rd8 60. Be3 c5
61. dxc5 Rd3 62. Bf2 Rb3 63. Be1 Rb1 64. Bc3 Rc1 65. Bd4 Rc4 66. Be3 Rxb4 67.
Rh8 Rc4 68. Kg1 Rc3 69. Bf2 Bd3 70. Rb8 Rc1+ 71. Kh2 Be4 72. Rb6 Rc2 73. Kg1
Rc1+ 74. Kh2 Rf1 75. Kg3 Bd5 76. Rxa6 g5 77. Bd4 Rxf4 78. Be3 Rf3+ 0-1

[Event "4NCL Division Two"]
[Site "Warwick, ENG"]
[Date "2024.01.14"]
[EventDate "2024.01.14"]
[Round "4.26"]
[White "Alldritt, Nigel R E"]
[WhiteElo "2032"]
[WhiteTeam "Cambridge University 1"]
[Black "Wilks, Simon"]
[BlackElo "2065"]
[BlackTeam "SchachAttack"]
[Result "1-0"]

1. d4 Nf6 2. c4 e6 3. g3 d5 4. Nf3 Be7 5. Bg2 O-O 6. O-O dxc4 7. Qc2 a6 8. a4
Bd7 9. Qxc4 Bc6 10. Bf4 Bd6 11. Qc1 Nbd7 12. Nc3 Qe7 13. Rd1 Nd5 14. Bg5 f6 15.
Bd2 f5 16. Bg5 Qf7 17. Nxd5 Bxd5 18. Bf4 Qe7 19. Ne5 c6 20. Nxd7 Qxd7 21. f3
Bxf4 22. gxf4 b5 23. a5 Qd6 24. e3 Rac8 25. Qc5 Qxc5 26. dxc5 Rcd8 27. Rac1 Bb3
28. Rd6 Rxd6 29. cxd6 Bc4 30. Rc3 Rd8 31. b3 Bd5 32. e4 b4 33. Re3 Rxd6 34.
exd5 cxd5 35. Rd3 Rc6 36. Rd4 Rc5 37. Rxb4 Rxa5 38. Ra4 Rb5 39. b4 Rb6 40. Bf1
Kf7 41. Bxa6 Kf6 42. Bd3 g5 43. fxg5+ Kxg5 44. b5 e5 45. f4+ exf4 46. Rd4 Rd6
47. Kg2 Kg4 48. Be2+ 1-0

[Event "4NCL Division Two"]
[Site "Warwick, ENG"]
[Date "2024.01.14"]
[EventDate "2024.01.14"]
[Round "4.27"]
[White "Handley, Michael R"]
[WhiteElo "2082"]
[WhiteTeam "SchachAttack"]
[Black "Sivanandan, Bodhana"]
[BlackTitle "WCM"]
[BlackElo "2051"]
[BlackTeam "Cambridge University 1"]
[Result "1/2-1/2"]

1. d4 d5 2. c4 c6 3. cxd5 cxd5 4. Bf4 Nc6 5. e3 Nf6 6. Nc3 a6 7. Be2 Bf5 8. g4
Bg6 9. h4 h6 10. Qb3 Na5 11. Qa4+ Nc6 12. Qb3 Na5 13. Qa4+ Nc6 14. Qb3 1/2-1/2

[Event "4NCL Division Two"]
[Site "Warwick, ENG"]
[Date "2024.01.14"]
[EventDate "2024.01.14"]
[Round "4.28"]
[White "Chan, Nevil"]
[WhiteElo "1985"]
[WhiteTeam "Cambridge University 1"]
[Black "Moyse, Nigel John"]
[BlackElo "1985"]
[BlackTeam "SchachAttack"]
[Result "1-0"]

1. d4 d6 2. Nc3 g6 3. Nf3 Bg7 4. e4 c6 5. a4 a5 6. Be2 Na6 7. O-O Nf6 8. h3 O-O
9. Be3 Nb4 10. Ne1 e5 11. dxe5 dxe5 12. Bc4 Qe7 13. Nd3 Nxd3 14. Qxd3 Rd8 15.
Bc5 Rxd3 16. Bxe7 Rxc3 17. bxc3 Nxe4 18. Rfd1 Bf5 19. g4 Be6 20. Bxe6 fxe6 21.
Rd8+ Rxd8 22. Bxd8 Nxc3 23. Bxa5 Ne2+ 24. Kf1 Nd4 25. Bc3 Nxc2 26. Rb1 b5 27.
a5 Bf8 28. a6 Bc5 29. Rc1 Na3 30. Bb4 1-0

[Event "4NCL Division Two"]
[Site "Warwick, ENG"]
[Date "2024.01.14"]
[EventDate "2024.01.14"]
[Round "4.31"]
[White "Brewer, Callum D"]
[WhiteElo "2129"]
[WhiteTeam "Sussex Martlets 1"]
[Black "Scott, Gordon W"]
[BlackElo "2275"]
[BlackTeam "Anglian Avengers"]
[Result "1/2-1/2"]

1. e4 e5 2. Nf3 Nc6 3. d4 exd4 4. Nxd4 Nf6 5. Nc3 Bb4 6. Nxc6 bxc6 7. Bd3 O-O
8. O-O d5 9. exd5 cxd5 10. Bg5 c6 11. Qf3 h6 12. Bxf6 Qxf6 13. Qxf6 gxf6 14.
Ne2 Re8 15. Nd4 Bb7 16. c3 Bf8 17. Rfe1 a5 18. Kf1 c5 19. Nf5 Bc6 20. Rxe8 Rxe8
21. Re1 Rb8 22. Re2 Bd7 23. Ne3 Be6 24. c4 dxc4 1/2-1/2

[Event "4NCL Division Two"]
[Site "Warwick, ENG"]
[Date "2024.01.14"]
[EventDate "2024.01.14"]
[Round "4.32"]
[White "Lewis, Andrew P"]
[WhiteTitle "FM"]
[WhiteElo "2253"]
[WhiteTeam "Anglian Avengers"]
[Black "Graham, David B"]
[BlackElo "2163"]
[BlackTeam "Sussex Martlets 1"]
[Result "1-0"]

1. d4 d5 2. c4 c6 3. Nf3 Nf6 4. Nc3 dxc4 5. a4 Bf5 6. e3 e6 7. Bxc4 Bb4 8. O-O
O-O 9. Qe2 Nbd7 10. e4 Bg6 11. Bd3 Bh5 12. e5 Nd5 13. Nxd5 cxd5 14. Qe3 Be7 15.
a5 a6 16. Ng5 Bxg5 17. Qxg5 Qxg5 18. Bxg5 f6 19. exf6 gxf6 20. Bh6 Rfc8 21.
Rfe1 Kf7 22. Ra3 Bg6 23. Be2 Rc6 24. h4 b5 25. axb6 Rxb6 26. Rc3 Rxb2 27. Bg4
Rb6 28. h5 Bb1 29. Rc7 Ke7 30. Bc1 Kd8 31. Rc3 Nf8 32. Ba3 Kd7 33. Bd1 Ke8 34.
Rc7 Bd3 35. Re7+ Kd8 36. Rg7 Ke8 37. Bc5 Rc6 38. h6 Rac8 39. Bh5+ Bg6 40. Bxg6+
Nxg6 41. Rxh7 e5 42. Rg7 Nh8 43. Rb1 exd4 44. Rbb7 Rxc5 45. Rg8# 1-0

[Event "4NCL Division Two"]
[Site "Warwick, ENG"]
[Date "2024.01.14"]
[EventDate "2024.01.14"]
[Round "4.33"]
[White "Payne, Matthew J"]
[WhiteElo "2151"]
[WhiteTeam "Sussex Martlets 1"]
[Black "Korshunov, Sergey And."]
[BlackElo "2215"]
[BlackTeam "Anglian Avengers"]
[Result "0-1"]

1. e4 c5 2. Nc3 a6 3. g3 b5 4. Bg2 Bb7 5. Nge2 e6 6. d4 cxd4 7. Nxd4 Nf6 8. O-O
b4 9. Na4 Bxe4 10. Bxe4 Nxe4 11. c4 bxc3 12. bxc3 Be7 13. Qb3 Nc5 14. Nxc5 Bxc5
15. Rd1 O-O 16. Be3 Qc7 17. c4 d6 18. Rab1 Nd7 19. Nc2 Rab8 20. Qa4 Bxe3 21.
Nxe3 Nc5 22. Qc2 Rxb1 23. Rxb1 Rb8 24. Rxb8+ Qxb8 25. Qd2 h6 26. h4 Qb1+ 27.
Kg2 Qe4+ 28. Kh2 Qc6 29. Qd4 Nd7 30. Nf1 Qb6 31. Qf4 Ne5 32. Ne3 Qb2 33. a4 Qb4
34. Qe4 Qxa4 35. Qa8+ Kh7 36. f4 Qc6 37. Qf8 Nf3+ 38. Kh3 Qe4 39. Ng2 Qf5+ 40.
g4 Qd3 41. Kg3 Ne5+ 0-1

[Event "4NCL Division Two"]
[Site "Warwick, ENG"]
[Date "2024.01.14"]
[EventDate "2024.01.14"]
[Round "4.34"]
[White "Walker, Martin G"]
[WhiteTitle "FM"]
[WhiteElo "2233"]
[WhiteTeam "Anglian Avengers"]
[Black "Rogacewicz, Mikolaj"]
[BlackElo "2150"]
[BlackTeam "Sussex Martlets 1"]
[Result "1-0"]

1. e4 e6 2. d4 d5 3. Nd2 Nf6 4. e5 Nfd7 5. Bd3 c5 6. c3 Nc6 7. Ne2 cxd4 8. cxd4
f6 9. Nf4 Nxd4 10. Qh5+ Ke7 11. exf6+ Nxf6 12. Ng6+ hxg6 13. Qxh8 Kf7 14. Qh4
e5 15. Nf3 Nxf3+ 16. gxf3 Bf5 17. Bxf5 gxf5 18. Bg5 Qa5+ 19. Kf1 Rc8 20. Kg2
Rc4 21. Qh3 Ke6 22. Rhc1 Rc6 23. Bxf6 Kxf6 24. Qh8 Kf7 25. Rxc6 bxc6 26. Qh7
Kf6 27. Rc1 c5 28. Qg8 Be7 29. Qxd5 Qb4 30. Qc6+ Kf7 31. Qd7 g6 32. b3 Qf4 33.
Rxc5 e4 34. Qd5+ Kf6 35. Rc3 Bd6 36. fxe4 Qxh2+ 37. Kf1 Qh1+ 38. Ke2 Qh5+ 39.
Rf3 Bf4 40. exf5 gxf5 41. Qc6+ Kg5 42. Qd7 Qh8 43. Qe7+ Kg4 44. Rxf4+ 1-0

[Event "4NCL Division Two"]
[Site "Warwick, ENG"]
[Date "2024.01.14"]
[EventDate "2024.01.14"]
[Round "4.35"]
[White "Kolani, Arjun"]
[WhiteElo "2198"]
[WhiteTeam "Sussex Martlets 1"]
[Black "Samarakoon, Vivash Ransara"]
[BlackElo "2126"]
[BlackTeam "Anglian Avengers"]
[Result "1-0"]

1. e4 e5 2. Nf3 Nc6 3. Bc4 Bc5 4. c3 Nf6 5. d3 O-O 6. O-O d5 7. exd5 Nxd5 8. a4
a5 9. Re1 Bg4 10. Nbd2 Nb6 11. Bb5 f6 12. Ne4 Be7 13. h3 Bh5 14. Ng3 Be8 15.
Nf5 Bd6 16. d4 exd4 17. Bxc6 Bxc6 18. N3xd4 Qd7 19. Qg4 Kh8 20. Re7 Qxe7 21.
Nxe7 Bxe7 22. Nxc6 bxc6 23. c4 Bc5 24. b3 Rad8 25. Bf4 Rd3 26. Qf5 Bd4 27. Qxd3
1-0

[Event "4NCL Division Two"]
[Site "Warwick, ENG"]
[Date "2024.01.14"]
[EventDate "2024.01.14"]
[Round "4.36"]
[White "Talsma, Paul"]
[WhiteElo "2171"]
[WhiteTeam "Anglian Avengers"]
[Black "Blake, J Morgan"]
[BlackElo "2111"]
[BlackTeam "Sussex Martlets 1"]
[Result "0-1"]

1. d4 d5 2. c4 c6 3. Nf3 Nf6 4. Nc3 dxc4 5. a4 Bf5 6. Ne5 Nbd7 7. Nxc4 Qc7 8.
g3 e5 9. dxe5 Nxe5 10. Bf4 Nfd7 11. Bg2 g5 12. Ne3 gxf4 13. Nxf5 O-O-O 14. Qc2
Nc5 15. O-O fxg3 16. hxg3 a5 17. Rac1 h5 18. Rfd1 Rxd1+ 19. Nxd1 Kb8 20. Nde3
Ng4 21. Nxg4 hxg4 22. Ne3 Qe5 23. Nxg4 Qh5 24. Ne3 Ne6 25. Qf5 Bg7 26. Qxh5
Rxh5 27. Kf1 Ka7 28. f4 Bxb2 29. Rd1 Nc5 30. Bf3 Rh8 31. Nc4 Bc3 32. Kg2 Nxa4
33. Rd3 Bb4 34. e4 Nc5 35. Rd1 f6 36. e5 fxe5 37. Nxe5 Kb6 38. g4 Kc7 39. g5
Bc3 40. Ng4 Ne6 41. Kg3 Rf8 42. Rh1 Nxf4 0-1

[Event "4NCL Division Two"]
[Site "Warwick, ENG"]
[Date "2024.01.14"]
[EventDate "2024.01.14"]
[Round "4.37"]
[White "Forster, Matthew"]
[WhiteElo "2168"]
[WhiteTeam "Sussex Martlets 1"]
[Black "Stork, Christopher"]
[BlackElo "2024"]
[BlackTeam "Anglian Avengers"]
[Result "1/2-1/2"]

1. c4 Nf6 2. Nc3 e5 3. g3 d5 4. cxd5 Nxd5 5. Bg2 Nb6 6. Nf3 Nc6 7. O-O Be7 8.
a3 a5 9. d3 O-O 10. Be3 Be6 11. Bxb6 cxb6 12. Rc1 Rc8 13. Nd2 Bg5 14. Nb5 Bxd2
15. Qxd2 Qd7 16. Qe3 Nd4 17. Nc3 f6 18. Rfe1 Rfd8 19. Qe4 Rc7 20. Qh4 Rdc8 21.
e3 Nf5 22. Qh5 Ne7 23. Qe2 Nd5 24. Nxd5 Rxc1 25. Nxb6 Qxd3 26. Qxd3 Rxe1+ 27.
Bf1 Rcc1 28. Kg2 Rxf1 29. Qb5 Kf7 30. Kf3 Rfd1 31. e4 h5 32. Nd5 Bg4+ 33. Ke3
Re1+ 34. Kd2 Rcd1+ 35. Kc3 Rc1+ 36. Kd2 Rcd1+ 37. Kc3 Rc1+ 1/2-1/2

[Event "4NCL Division Two"]
[Site "Warwick, ENG"]
[Date "2024.01.14"]
[EventDate "2024.01.14"]
[Round "4.38"]
[White "Walker, Heather Enid"]
[WhiteElo "1198"]
[WhiteTeam "Anglian Avengers"]
[Black "Graham, Cassie M"]
[BlackElo "2010"]
[BlackTeam "Sussex Martlets 1"]
[Result "0-1"]

1. e4 c5 2. b4 cxb4 3. d4 e6 4. c3 bxc3 5. Nxc3 d6 6. Rb1 Be7 7. Nf3 Nf6 8. Bc4
a6 9. a4 O-O 10. O-O d5 11. Bd3 dxe4 12. Nxe4 Nbd7 13. Re1 Nd5 14. Bd2 b6 15.
Qc2 Bb7 16. Neg5 g6 17. Qc1 Rc8 18. Qb2 Bd6 19. Ne5 Bxe5 20. dxe5 Nc5 21. Bc2
h6 22. Ne4 Nxe4 23. Bxe4 Kg7 24. Rbc1 Qd7 25. Rc2 Rxc2 26. Qxc2 Rc8 27. Qd3 b5
28. axb5 axb5 29. Rb1 Bc6 30. Qd4 Ne7 31. Qxd7 Bxd7 32. g3 Rb8 33. Rd1 Be8 34.
Bb4 Nc6 35. Bd6 Rb6 36. Rc1 h5 37. Bc7 Ra6 38. Bd3 Nb4 39. Be2 Rc6 40. Rxc6
Bxc6 41. Bd6 Nc2 42. Bc5 b4 43. Bc4 Ba4 44. Kf1 b3 45. Ke2 Bb5 46. Kd2 Bxc4 47.
Kc1 Ne1 48. Ba3 Nd3+ 49. Kd2 Nxf2 50. Kc3 Bd5 51. Kd4 Nd1 0-1

[Event "4NCL Division Two"]
[Site "Warwick, ENG"]
[Date "2024.01.14"]
[EventDate "2024.01.14"]
[Round "4.41"]
[White "Jogstad, Martin"]
[WhiteTitle "FM"]
[WhiteElo "2396"]
[WhiteTeam "CSC/Kingston 1"]
[Black "Shearsby, Jude"]
[BlackElo "2221"]
[BlackTeam "Warwickshire Select 1"]
[Result "1-0"]

1. d4 Nf6 2. c4 g6 3. Nc3 d5 4. Bg5 Ne4 5. Bh4 Nxc3 6. bxc3 Bg7 7. e3 Nc6 8.
Nf3 O-O 9. Be2 Bf5 10. Qb3 dxc4 11. Qxb7 Qd5 12. Qb3 Qd8 13. Qb7 Qd5 14. Qa6
Na5 15. Nd2 Bc8 16. e4 Bxa6 17. exd5 Rfe8 18. O-O Rad8 19. Bf3 Bb7 20. Rfb1
Bxd5 21. Rb5 Bxf3 22. Nxf3 Nc6 23. Rc5 Rd6 24. Bg3 Rf6 25. Re1 Nb8 26. Rxc7 e5
27. Rxe5 Rxe5 28. Rc8+ 1-0

[Event "4NCL Division Two"]
[Site "Warwick, ENG"]
[Date "2024.01.14"]
[EventDate "2024.01.14"]
[Round "4.42"]
[White "Pitcher, John"]
[WhiteElo "2304"]
[WhiteTeam "Warwickshire Select 1"]
[Black "Maycock Bates, David Henry"]
[BlackTitle "CM"]
[BlackElo "2308"]
[BlackTeam "CSC/Kingston 1"]
[Result "0-1"]

1. e4 e5 2. Bc4 Nf6 3. d3 c6 4. Nf3 d5 5. Bb3 a5 6. Nc3 Bb4 7. a3 Bxc3+ 8. bxc3
a4 9. Ba2 O-O 10. Nxe5 dxe4 11. O-O Nbd7 12. Nc4 exd3 13. cxd3 Nc5 14. Be3 Nb3
15. Bxb3 axb3 16. Bc5 Re8 17. Nd6 Re5 18. d4 Rd5 19. Nxc8 Qxc8 20. Qxb3 Ne4 21.
Rfe1 Qf5 22. Re2 Nxc5 23. dxc5 h5 24. Rae1 Rxc5 25. Qxb7 Rxa3 26. Qb8+ Kh7 27.
c4 Rxc4 28. Re5 Re4 29. h3 Rxe1+ 30. Rxe1 Ra2 31. Qg3 g6 32. Re3 Kg7 33. Re5
Ra1+ 34. Kh2 h4 0-1

[Event "4NCL Division Two"]
[Site "Warwick, ENG"]
[Date "2024.01.14"]
[EventDate "2024.01.14"]
[Round "4.43"]
[White "Li, Vladimir"]
[WhiteTitle "FM"]
[WhiteElo "2294"]
[WhiteTeam "CSC/Kingston 1"]
[Black "Bowcott-Terry, Finlay"]
[BlackElo "2303"]
[BlackTeam "Warwickshire Select 1"]
[Result "1-0"]

1. d4 f5 2. Nc3 Nf6 3. Bg5 d5 4. e3 c6 5. Bd3 e6 6. Nf3 Bd6 7. O-O O-O 8. Ne2
Qe8 9. c4 Ne4 10. Bf4 Bxf4 11. exf4 Qe7 12. Ne5 Nd7 13. c5 Nxe5 14. fxe5 Bd7
15. f3 Ng5 16. Qd2 b6 17. b4 Nf7 18. a4 Rfb8 19. Rab1 Qf8 20. f4 Kh8 21. Rfc1
bxc5 22. Rxc5 Qd8 23. Rbc1 a6 24. Rb1 Rb6 25. a5 Rbb8 26. Nc3 g5 27. Ne2 gxf4
28. Nxf4 Qg5 29. Rc3 Rg8 30. Bf1 Nh6 31. Rg3 Ng4 32. Rbb3 Qh4 33. Rh3 Qe7 34.
Rh5 Be8 35. Rbh3 Bxh5 36. Rxh5 Rab8 37. h3 Nxe5 38. dxe5 Rxb4 39. Rh6 c5 40.
Nxe6 Rb1 41. Qxd5 c4 42. Qxc4 Qb7 43. Nf4 Rb4 44. Qc1 Rb1 45. Qc3 Rb3 46. Qd4
Qe4 47. Qd7 Rxg2+ 48. Nxg2 Qd4+ 49. Qxd4 1-0

[Event "4NCL Division Two"]
[Site "Warwick, ENG"]
[Date "2024.01.14"]
[EventDate "2024.01.14"]
[Round "4.44"]
[White "Baker, Chris W"]
[WhiteTitle "IM"]
[WhiteElo "2264"]
[WhiteTeam "Warwickshire Select 1"]
[Black "Finn, Peter"]
[BlackTitle "CM"]
[BlackElo "2289"]
[BlackTeam "CSC/Kingston 1"]
[Result "1-0"]

1. c4 Nf6 2. Nf3 c6 3. b3 d5 4. Bb2 Bf5 5. d3 h6 6. g3 e6 7. Bg2 Be7 8. O-O O-O
9. Nbd2 Nbd7 10. Rc1 a5 11. a3 Re8 12. Qc2 Bh7 13. Qc3 Qb6 14. e4 dxe4 15. dxe4
Nc5 16. Ne5 Red8 17. Rce1 Ne8 18. Re3 Bg5 19. f4 Nd3 20. c5 Qxc5 21. Qxc5 Nxc5
22. fxg5 Rxd2 23. Bc3 Rc2 24. Nxf7 hxg5 25. Nxg5 Nd6 26. Be5 Nb5 27. Rf7 Rc1+
28. Bf1 Rxf1+ 29. Kxf1 1-0

[Event "4NCL Division Two"]
[Site "Warwick, ENG"]
[Date "2024.01.14"]
[EventDate "2024.01.14"]
[Round "4.46"]
[White "Shephard, Chris C W"]
[WhiteElo "2153"]
[WhiteTeam "Warwickshire Select 1"]
[Black "Wilson, Ewan"]
[BlackElo "2156"]
[BlackTeam "CSC/Kingston 1"]
[Result "1/2-1/2"]

1. Nf3 d5 2. c4 c6 3. g3 Nf6 4. b3 Bg4 5. d4 e6 6. Bg2 Nbd7 7. O-O Be7 8. Bb2
O-O 9. Nbd2 h6 10. Re1 Bf5 11. Ne5 a5 12. a3 Nxe5 13. dxe5 Nd7 14. e4 dxe4 15.
Nxe4 Nc5 16. Nxc5 Bxc5 17. Be4 Qb6 18. Qc2 Bxe4 19. Rxe4 Rad8 20. Bc3 Bd4 21.
b4 axb4 22. axb4 Bxc3 23. Qxc3 Ra8 24. Ree1 Rfd8 25. Rxa8 Rxa8 26. c5 Qb5
1/2-1/2

[Event "4NCL Division Two"]
[Site "Warwick, ENG"]
[Date "2024.01.14"]
[EventDate "2024.01.14"]
[Round "4.47"]
[White "Patel, Zain"]
[WhiteElo "2103"]
[WhiteTeam "CSC/Kingston 1"]
[Black "Fallowfield, Jeremy R"]
[BlackElo "2187"]
[BlackTeam "Warwickshire Select 1"]
[Result "1/2-1/2"]

1. Nf3 Nf6 2. g3 g6 3. b3 Bg7 4. Bb2 c5 5. c4 O-O 6. Bg2 d6 7. d4 cxd4 8. Nxd4
d5 9. cxd5 Nxd5 10. O-O Qa5 11. Na3 Nc3 12. Bxc3 Qxc3 13. Nab5 Qa5 14. Rc1 Na6
15. Qd3 Nb4 16. Qc4 Nxa2 17. Ra1 Bd7 18. b4 Qxb4 19. Qxa2 Bxb5 20. Nxb5 Qxb5
21. Rab1 Qe5 22. Bxb7 Rab8 1/2-1/2

[Event "4NCL Division Two"]
[Site "Warwick, ENG"]
[Date "2024.01.14"]
[EventDate "2024.01.14"]
[Round "4.48"]
[White "Dicen, Elis Denele"]
[WhiteElo "2118"]
[WhiteTeam "Warwickshire Select 1"]
[Black "Frostick, Helen M"]
[BlackElo "1858"]
[BlackTeam "CSC/Kingston 1"]
[Result "1-0"]

1. d4 d5 2. c4 e6 3. Nc3 Nf6 4. Nf3 Be7 5. g3 O-O 6. Bg2 c6 7. O-O Nbd7 8. Qd3
Qc7 9. e4 dxe4 10. Nxe4 Nxe4 11. Qxe4 Nf6 12. Qe2 c5 13. b3 cxd4 14. Nxd4 a6
15. Bb2 Re8 16. Nf3 Bd7 17. Ne5 Rad8 18. Rad1 Bc8 19. h4 Rxd1 20. Rxd1 Rd8 21.
Ng4 Rxd1+ 22. Qxd1 Nxg4 23. Qxg4 Bf8 24. a3 Bd7 25. b4 Bc6 26. c5 Bxg2 27. Kxg2
h6 28. Qe4 a5 29. Be5 Qc8 30. Bd6 axb4 31. Bxf8 Qxf8 32. axb4 Qc8 33. b5 f5 34.
Qd4 Kf7 35. Qd6 Ke8 36. Kf3 g5 37. hxg5 hxg5 38. c6 bxc6 39. bxc6 Kf7 40. Kg2
Ke8 41. c7 g4 42. Kh2 Qd7 43. Qa6 Qxc7 44. Qxe6+ Qe7 45. Qc8+ Qd8 46. Qxf5 Qd1
47. Kg2 Kd8 48. Qe4 Kc7 49. Kh2 Kd8 50. Qh1 Qe2 51. Qg2 Kd7 52. Kg1 Kd8 53. Qf1
Qf3 54. Qc1 Kd7 55. Qd2+ Kc8 56. Qd4 Qe2 57. Qe3 Qd1+ 58. Kg2 Kd7 59. f3 Qc2+
60. Qf2 gxf3+ 61. Kxf3 Qc6+ 62. Ke2 Ke7 63. Qe3+ Kd7 64. Kd3 Qg6+ 65. Kd4 Qd6+
66. Ke4 Qe6+ 67. Kf3 Qg6 68. Qa7+ Ke8 69. Qb8+ Ke7 70. Qe5+ Kf8 71. Kf4 Qh6+
72. Kf3 Qc6+ 73. Qe4 Qc3+ 74. Kg4 Qg7+ 75. Kf4 Qh6+ 76. Kf3 Qh1+ 77. Ke3 Qg1+
78. Kf4 Qc1+ 79. Kg4 Kg7 80. Qe5+ Kg6 81. Qf5+ Kh6 82. Qh5+ Kg7 83. Qg5+ Qxg5+
84. Kxg5 Kh7 85. Kf6 Kh6 86. g4 Kh7 87. g5 Kg8 88. Kg6 Kh8 89. Kf7 Kh7 90. g6+
1-0

[Event "4NCL Division Two"]
[Site "Warwick, ENG"]
[Date "2024.01.14"]
[EventDate "2024.01.14"]
[Round "4.51"]
[White "Purton, Ben J"]
[WhiteTitle "FM"]
[WhiteElo "2212"]
[WhiteTeam "The Sharks 2"]
[Black "Rees, Ioan"]
[BlackTitle "FM"]
[BlackElo "2273"]
[BlackTeam "The Audible Checks"]
[Result "1/2-1/2"]

1. e4 e5 2. Nf3 Nc6 3. d4 exd4 4. c3 d5 5. exd5 Qxd5 6. cxd4 Nf6 7. Nc3 Bb4 8.
Be2 Ne4 9. Bd2 Bxc3 10. bxc3 Nxd2 11. Qxd2 O-O 12. O-O b6 13. Ng5 Bb7 14. Bf3
Qd8 15. Rfe1 h6 16. Nh3 Qd7 17. Nf4 Rfe8 18. Nh5 Rxe1+ 19. Rxe1 Re8 20. Re3
Rxe3 21. Qxe3 Qe6 22. Qxe6 fxe6 23. Nf4 Kf7 24. Bxc6 Bxc6 25. Nd3 Kf6 26. f3
Bb5 27. Ne5 h5 28. Kf2 c5 29. Ke3 cxd4+ 30. Kxd4 Kf5 31. c4 Be8 32. g3 g5 33.
Nd3 Bc6 34. g4+ hxg4 35. fxg4+ Kf6 1/2-1/2

[Event "4NCL Division Two"]
[Site "Warwick, ENG"]
[Date "2024.01.14"]
[EventDate "2024.01.14"]
[Round "4.52"]
[White "Jones, Steven A"]
[WhiteElo "2245"]
[WhiteTeam "The Audible Checks"]
[Black "Price, Gwilym"]
[BlackElo "2260"]
[BlackTeam "The Sharks 2"]
[Result "0-1"]

1. d4 Nf6 2. c4 g6 3. h4 d6 4. Nc3 Bg7 5. e4 Nc6 6. Nge2 O-O 7. f3 e5 8. d5 Nd4
9. Be3 c5 10. dxc6 bxc6 11. Nxd4 exd4 12. Bxd4 Re8 13. Qd2 Rb8 14. Bxa7 Rb7 15.
Be3 d5 16. O-O-O Qa5 17. e5 Rxe5 18. Bd4 Re8 19. c5 Nd7 20. Bxg7 Kxg7 21. h5
Nxc5 22. Bd3 Qb4 23. Bb1 Re3 24. h6+ Kf8 25. Rh4 Qxh4 26. Qxe3 Ne6 27. Qe5
Qxh6+ 28. Kc2 Kg8 29. b3 Qf8 30. f4 f6 31. Qe3 d4 32. Rxd4 Nxd4+ 33. Qxd4 Bf5+
34. Kb2 Bxb1 35. Kxb1 Kg7 36. Ne4 Qe7 37. g4 Rb4 0-1

[Event "4NCL Division Two"]
[Site "Warwick, ENG"]
[Date "2024.01.14"]
[EventDate "2024.01.14"]
[Round "4.53"]
[White "Onslow, Alfie"]
[WhiteElo "2231"]
[WhiteTeam "The Sharks 2"]
[Black "Blackburn, Jonathan L B"]
[BlackTitle "FM"]
[BlackElo "2318"]
[BlackTeam "The Audible Checks"]
[Result "1/2-1/2"]

1. e4 e6 2. d4 d5 3. Nc3 Bb4 4. exd5 exd5 5. Bd3 Nf6 6. Nge2 O-O 7. O-O Re8 8.
a3 Bd6 9. Bf4 Bg4 10. Qd2 Bxe2 11. Nxe2 Ne4 12. Qa5 Nf6 13. Bxd6 Qxd6 14. Qb5
Qb6 15. Nf4 Nc6 16. Qxb6 axb6 17. c3 Na5 18. Rfe1 c6 19. f3 g5 20. Rxe8+ Rxe8
1/2-1/2

[Event "4NCL Division Two"]
[Site "Warwick, ENG"]
[Date "2024.01.14"]
[EventDate "2024.01.14"]
[Round "4.54"]
[White "Rudd, Jack"]
[WhiteTitle "IM"]
[WhiteElo "2314"]
[WhiteTeam "The Audible Checks"]
[Black "Birtwistle, Nigel"]
[BlackElo "2147"]
[BlackTeam "The Sharks 2"]
[Result "1-0"]

1. d4 Nf6 2. c4 g6 3. Nc3 Bg7 4. e4 d6 5. Be2 O-O 6. Bg5 c5 7. d5 e6 8. Nf3
exd5 9. exd5 h6 10. Bf4 Qb6 11. Qb3 Qd8 12. O-O g5 13. Be3 Na6 14. Bd3 Ng4 15.
Bd2 f5 16. a3 Nf6 17. Qc2 Nh5 18. g3 Bd7 19. Nb5 Nc7 20. Nxd6 Qf6 21. Nxb7 Qb6
22. Nxc5 Qxc5 23. b4 Qe7 24. Rae1 Qd8 25. d6 Bc6 26. dxc7 Qxc7 27. Nxg5 Nxg3
28. Ne6 Qb7 29. fxg3 Bf6 30. Bxf5 Rae8 31. Bxh6 1-0